| 000 | 00755cam a2200241 a 4500 | ||
|---|---|---|---|
| 001 | 000005092 | ||
| 005 | 20200929151558.0 | ||
| 008 | 981221s1998 ck 000 p spa d | ||
| 020 | _a9582004126 | ||
| 020 | _a9582002093 (coleccion) | ||
| 040 |
_aDO-SdBNP _cDLC _dBNPHU |
||
| 082 |
_aC861.44 _bL754p |
||
| 100 | 1 |
_aLinero, Fernando, _d1957- _914618 |
|
| 245 | 1 | 0 |
_aPalabras para el hombre / _cFernando Linero. |
| 260 |
_aSantafé de Bogotá : _bMagisterio, _c1998. |
||
| 300 |
_a69, [70-72] p. ; _c21 cm. |
||
| 490 | 1 |
_aPiedra de sol _aPoesía _v29 |
|
| 650 | 4 |
_aPoesía colombiana _93742 |
|
| 650 | 4 |
_aLiteratura colombiana _ySIGLO XX _914409 |
|
| 830 | 0 |
_aPiedra de sol. _pPoesía ; _v29 _914619 |
|
| 910 | _aCatalogación derivada / LC | ||
| 049 | _aBNGR | ||
| 999 |
_c4895 _d4895 |
||